Human rights

محفوظ في:
التفاصيل البيبلوغرافية
المؤلف الرئيسي: Spencer,Maureen
مؤلفون آخرون: Spencer, John
التنسيق: كتاب
منشور في: London Sweet and Maxwel 2005
الموضوعات:
الوسوم: إضافة وسم
لا توجد وسوم, كن أول من يضع وسما على هذه التسجيلة!

MARC

LEADER 00000nam a22000007a 4500
005 20260421110829.0
020 |a 0421890509  |c TSH.22,500/= 
040 |b eng.  |e AACR 2nd 
082 |a 341.48 SPE 
100 |a Spencer,Maureen 
245 |a Human rights 
260 |a London  |b Sweet and Maxwel  |c 2005 
300 |a xxxi,226p.  |c 25 cm 
650 |a Human rights 
650 |a Political rights 
650 |a Remedies 
700 |a Spencer, John 
942 |c BK 
999 |c 12725  |d 12725